650 Jahre Marienschloß Rockenberg: 1338 - 1988

Guardado en:  
Detalles Bibliográficos
Autor principal: Kling, Friedrich 1890- (Adaptador)
Autor Corporativo: Kultur- und Geschichtsverein. Oppershofen (Otro)
Tipo de documento: Print Libro
Lenguaje:Alemán
Publicado: Rockenberg Kultur- und Geschichtsverein Oppershofen 1988
En:Año: 1988
Availability in Albert-Krebs Library:NC.20.035
2003-546
Verificar disponibilidad: HBZ Gateway
Servicio de pedido Subito: Pedir ahora.
Palabras clave:

MARC

LEADER 00000cam a22000002c 4500
001 138991576X
003 DE-627
005 20221011150331.0
007 tu
008 100307s1988 gw ||||| 00| ||ger c
035 |a (DE-627)138991576X 
035 |a (DE-576)31991576X 
035 |a (DE-599)BSZ31991576X 
035 |a (OCoLC)180476176 
040 |a DE-627  |b ger  |c DE-627  |e rakwb 
041 |a ger 
044 |c XA-DE-HE 
084 |a 2,1  |2 ssgn 
245 0 0 |a 650 Jahre Marienschloß Rockenberg  |b 1338 - 1988  |c [Hrsg.: Kultur- und Geschichtsverein Oppershofen e.V., Rockenberg. Red.: Friedrich Kling] 
246 3 0 |a Sechshundertfünfzig 
264 1 |a Rockenberg  |b Kultur- und Geschichtsverein Oppershofen  |c 1988 
300 |a 83 S.  |b zahlr. Ill. 
336 |a Text  |b txt  |2 rdacontent 
337 |a ohne Hilfsmittel zu benutzen  |b n  |2 rdamedia 
338 |a Band  |b nc  |2 rdacarrier 
650 4 |a Kloster  |7 (dpeaa)DE-2619 
650 4 |a Jugendstrafvollzugsanstalt  |7 (dpeaa)DE-2619 
650 4 |a Justizvollzugsanstalt <Rockenberg>  |7 (dpeaa)DE-2619 
700 1 |a Kling, Friedrich  |d 1890-  |e Red.  |0 (DE-588)125894821  |0 (DE-627)706867920  |0 (DE-576)180128175  |4 adp 
710 2 |a Kultur- und Geschichtsverein  |g Oppershofen  |0 (DE-588)2114270-1  |0 (DE-627)10140722X  |0 (DE-576)193629151  |4 oth 
935 |a mkri 
951 |a BO 
ELC |b 1 
LOK |0 000 xxxxxcx a22 zn 4500 
LOK |0 001 4196247563 
LOK |0 003 DE-627 
LOK |0 004 138991576X 
LOK |0 005 20221011150331 
LOK |0 008 221011||||||||||||||||ger||||||| 
LOK |0 035   |a (DE-2619)k03474 
LOK |0 040   |a DE-2619  |c DE-627  |d DE-2619 
LOK |0 092   |o n 
LOK |0 541   |e Bestand Albert-Krebs-Bibliothek: 2003-546 
LOK |0 852   |a DE-2619 
LOK |0 852 1  |c NC.20.035  |m p  |9 00 
LOK |0 935   |a kreb 
LOK |0 938   |k p 
LOK |0 939   |a 11-10-22  |b l01 
ORI |a SA-MARC-krimdoka001.raw